000 00413nam a2200169Ia 4500
001 1452
003 IN-NITTTR
005 20251114232914.0
008 251113s9999||||xx |||||||||||||| ||eng||
040 _beng
040 _cIN-NITTTR
041 _aeng
082 _a158.4 B294L
100 _aBass, Bernard M.
245 0 _aLeadership, psychology and organizational behavior /
_cBass, Bernard M.
942 _2ddc
_cBK
999 _c1877
_d1877